Movimientos antisistémicos / (Record no. 166398)

MARC details
000 -LEADER
fixed length control field 00823nam a22002297a 4500
005 - DATE AND TIME OF LATEST TRANSACTION
control field 20230301122134.0
008 - FIXED-LENGTH DATA ELEMENTS--GENERAL INFORMATION
fixed length control field 230301b sp ||||| |||| 00| 0 spa d
020 ## - INTERNATIONAL STANDARD BOOK NUMBER
International Standard Book Number 8446011840
Terms of availability
050 04 - LIBRARY OF CONGRESS CALL NUMBER
Classification number HN13
Item number A77 1999
100 ## - MAIN ENTRY--PERSONAL NAME
Personal name Arrighi, Giovanni
245 ## - TITLE STATEMENT
Title Movimientos antisistémicos /
Statement of responsibility, etc Giovanni Arrighi, Terence K. Hopkins y Immanuel Wallerstein ; traductor Carlos Prieto del Campo
250 ## - EDITION STATEMENT
Edition statement 1a ed.
260 ## - PUBLICATION, DISTRIBUTION, ETC. (IMPRINT)
Place of publication, distribution, etc Madrid ;
Name of publisher, distributor, etc Akal,
Date of publication, distribution, etc 1999
300 ## - PHYSICAL DESCRIPTION
Extent 125 p. ;
Dimensions 24 cm
440 ## - SERIES STATEMENT/ADDED ENTRY--TITLE
Title Cuestiones de antagonismo ;
Number of part/section of a work No.1
500 ## - GENERAL NOTE
General note # 628 Donacion: Juan Alvarez Cienfuegos 25/ FEB./2020
650 ## - SUBJECT ADDED ENTRY--TOPICAL TERM
Topical term or geographic name as entry element Capitalismo
General subdivision Historia social
-- Lucha de clases
651 ## - SUBJECT ADDED ENTRY--GEOGRAPHIC NAME
Geographic name Movimientos sociales
700 ## - ADDED ENTRY--PERSONAL NAME
Personal name Prieto del Campo, Carlos
Relator term tr.
710 ## - ADDED ENTRY--CORPORATE NAME
Corporate name or jurisdiction name as entry element Wallerstein, Immanuel
Relator term col.
942 ## - ADDED ENTRY ELEMENTS (KOHA)
Source of classification or shelving scheme Biblioteca del Cogreso de los Estados Unidos
Koha item type Libro
Holdings
Estado de pérdida Fuente de clasificación Estado del daño No para préstamo Ubicación permanente Ubicación actual Apartado o colección Fecha de adquisición Edición Área del conocimiento Total Checkouts Clasificación Código de Barras Date last seen Número de copia Costo por reposición Tipo de recurso
  Biblioteca del Cogreso de los Estados Unidos     Biblioteca de la Facultad de Filosofía Biblioteca de la Facultad de Filosofía General 01/03/2023 1a ed. Educación y Humanidades   HN13 A77 1999 BFF000038853 01/03/2023 C.1 1.00 Libro